Statistics for Taylor Swift 13

Click here to take the quiz!

General Stats

  • This quiz has been taken 13 times
    (5 since last reset)
  • The average score is 217 of 269

Answer Stats

Answer% Correct
a
100%
all
100%
and
100%
at
100%
but
100%
can
100%
'cause
100%
don't
100%
from
100%
get
100%
have
100%
I
100%
if
100%
in
100%
is
100%
it
100%
just
100%
knew
100%
like
100%
my
100%
never
100%
no
100%
not
100%
of
100%
one
100%
so
100%
the
100%
they
100%
to
100%
was
100%
when
100%
who
100%
you
100%
your
100%
you're
100%
advice
80%
aim
80%
already
80%
answer
80%
apart
80%
asked
80%
bend
80%
dear
80%
devil
80%
did
80%
falling
80%
feels
80%
for
80%
greatest
80%
hand
80%
luxuries
80%
make
80%
miss
80%
out
80%
reader
80%
run
80%
secrets
80%
should
80%
snap
80%
someone
80%
sure
80%
take
80%
talking
80%
that
80%
these
80%
through
80%
trap
80%
where
80%
who's
80%
wouldn't
80%
alone
60%
another
60%
burn
60%
cursed
60%
darling
60%
desert
60%
desperate
60%
drink
60%
files
60%
find
60%
fourth
60%
free
60%
friends
60%
hiding
60%
home
60%
house
60%
lives
60%
man
60%
map
60%
means
60%
nights
60%
past
60%
pick
60%
plain
60%
please
60%
prayers
60%
prefer
60%
recognize
60%
right
60%
sight
60%
somewhere
60%
spilling
60%
there
60%
walking
60%
wander
60%
word
60%
yourself
60%
bright
40%
care
40%
found
40%
guiding
40%
light
40%
lose
40%
nobody's
40%
pace
40%
pen
40%
playing
40%
sees
40%
shine
40%
solitaire
40%

Score Distribution

Percentile by Number Answered

Percent of People with Each Score

Your Score History

You have not taken this quiz since the last reset